Identidades inciertas : Zygmunt Bauman /

Nacido dentro de una familia judía en Poznan, Polonia en 1925, Zygmunt Bauman se formó en sociología y filosofía en la Universidad de Varsovia. Abandonó su país natal en 1968, a causa de la política antisemita del gobierno de su país, residiendo a partir de entonces en diversos lugares, incluido Isr...

Celý popis

Uloženo v:
Podrobná bibliografie
Hlavní autor: Béjar, Helena (autor)
Médium: Kniha
Jazyk:španělština
Vydáno: Barcelona, España : Herder, 2007, c2007
Edice:(Pensamiento Herder)
Témata:
Tagy: Přidat tag
Žádné tagy, Buďte první, kdo vytvoří štítek k tomuto záznamu!

MARC

LEADER 00000nam^a2200000^a^4500
001 000264517
005 20250521000000.0
009 20260526133802.998
020 |a 978-84-254-2498-4 
037 |a Acervo ITESO - Biblioteca 
041 |a ESP 
082 |a 149. 97  |b BAU EST BEJ 
100 |a Béjar, Helena  |e (autor) 
245 1 0 |a Identidades inciertas :  |b Zygmunt Bauman /  |c H. Béjar. 
264 4 |a Barcelona, España :  |b Herder,  |c 2007, c2007 
300 |a 205 p. 
336 |a texto  |b txt  |2 rdacontenido 
337 |a sin mediación  |b n  |2 rdamedio 
338 |a volumen  |b nc  |2 rdasoporte 
440 1 |a (Pensamiento Herder) 
520 |a Nacido dentro de una familia judía en Poznan, Polonia en 1925, Zygmunt Bauman se formó en sociología y filosofía en la Universidad de Varsovia. Abandonó su país natal en 1968, a causa de la política antisemita del gobierno de su país, residiendo a partir de entonces en diversos lugares, incluido Israel. Inicialmente interesado en el socialismo, las clases sociales y los movimientos laborales, Bauman está desde hace buen tiempo preocupado por el devenir de la sociedad contemporánea. Una sociedad que, afirma, vive lo que ha denominado como modernidad líquida, en la cual las identidades son móviles y la convivencia entre las personas no es un escenario para el diáologo, sino espacios de exclusión, asimilación o supresión mental del otro. 
520 |a Estudio que analiza las propuestas de Zygmunt Bauman (1925-), intelectual nacido en Polonia y radicado en Gran Bretaña, reconocido como uno de los sociólogos más interesantes y consistentes de la posmodernidad. El denominador común de los planteamientos es una reflexión a la transmutación de la modernidad sólida heredada de la Ilustración a la modernidad líquida, propio de la posmodernidad, en que las instituciones sólidas como la familia y el estado han dejado de ser referentes de proveedores de sentido. 
649 |a XX 
650 |a Sociólogos Polacos 
650 |a Diferencia y Otredad 
650 |a Individualismo 
650 |a Trabajo -  |x Aspectos Sociales y Culturales 
650 |a Etica 
650 |a Filosofía Política 
650 |a Modernidad y Posmodernidad -  |x Tema Principal 
650 |a Sociología de la Cultura 
650 |a Sociología -  |x Teoría 
650 |a Bauman, Zygmunt 
910 |a Fondo General 
920 |a Impresos - Libros 
930 |a Colección General 
905 |a 101 
901 |a 0500146858  |b IT1  |c ACC  |u 20250521 
902 |a https://opac.biblio.iteso.mx/vufind/Record/000264517